European Landlocked Countries - Statistics

General Stats
  • This quiz has been taken 114 times
  • The average score is 12 of 15
Answers on the Grid
Answers color-coded by a green-red scale on the quiz's grid according to % correct below.
Andorra
Albania
Austria
Belarus
Belgium
Czech Republic
Denmark
Greece
Hungary
Italy
Kosovo
Latvia
Lichtenstein
Lithuania
Luxembourg
Malta
Moldova
Montenegro
North Macedonia
Poland
Portugal
Russia
San Marino
Serbia
Slovakia
Slovenia
Sweden
Switzerland
United Kingdom
Vatican City
 
Answer Stats
Answer % Correct
Andorra
90%
Austria
90%
Lichtenstein
89%
Luxembourg
89%
Hungary
85%
Belarus
84%
Czech Republic
84%
Kosovo
81%
San Marino
78%
Vatican City
77%
Switzerland
76%
North Macedonia
72%
Moldova
71%
Serbia
71%
Slovakia
71%
No matching quizzes found
Score Distribution
Percent of People with Each Score
Percentile by Number Answered
Your Score History
You have not taken this quiz